El Conflicte des de Palestina : hi ha alguna escletxa per avançar cap a una solució justa? hi ha alguna escletxa per avançar cap a una solució justa?
Descripción Física:
55 p. : map. ; 21 cm
Colección:
Quaderns (Fundació Alfons Comín)
MARC
| LEADER | 00000nam a2200000Ia 4500 | ||
|---|---|---|---|
| 001 | 24177 | ||
| 008 | 160829s2007 xx 000 0 cat d | ||
| 080 | |a Bib-175 | ||
| 100 | |a Barghouthi, Mustafa |9 49644 | ||
| 245 | |a El Conflicte des de Palestina : |b hi ha alguna escletxa per avançar cap a una solució justa? | ||
| 260 | |a Barcelona : |b Fundació Alfons Comín, |c 2007 | ||
| 300 | |a 55 p. : |b map. ; |c 21 cm | ||
| 490 | |a Quaderns (Fundació Alfons Comín) | ||
| 590 | |a Text en català i annex en castellà. | ||
| 590 | |a Amb la col·laboració de: Diputació de Barcelona i el Departament de la Presidència de la Generalitat de Catalunya | ||
| 650 | |a Conflicte araboisraelià |x 1993- |9 49645 | ||
| 650 | |a Relacions judeoàrabs |9 49646 | ||
| 710 | 1 | |a Fundació Alfons Comín |9 7624 | |
| 710 | |a Catalunya. |b Departament de la Presidència |9 10777 | ||
| 710 | 1 | |a Barcelona (Catalunya : Província). |b Diputació |9 52408 | |
| 901 | |a Arxiu | ||
| 942 | |n 1 | ||
| 952 | |0 0 |1 0 |4 0 |6 BIB175 |7 1 |9 55511 |a Arxiu |b Arxiu |d 2016-12-01 |l 0 |o Bib-175 |p 24177 |r 2016-12-01 00:00:00 |w 2016-12-01 |y ARXIU | ||
| 999 | |c 59384 |d 59384 | ||